Системы оповещения и управления эвакуацией на объектах торговли; Прогрессивные технологии и экономика в машиностроении
| Parent link: | Прогрессивные технологии и экономика в машиностроении.— 2021.— [С. 54-56] |
|---|---|
| Hovedforfatter: | |
| Institution som forfatter: | |
| Andre forfattere: | |
| Summary: | Заглавие с экрана В статье изложена нормативная база проектирования СОУЭ, их классификация и компонентный состав, определены основы выбора типа СОУЭ для объектов торговли, проведён анализ системы пожарной безопасности магазина "Fix Price". The article describes the regulatory framework for the design of WSEМ, their classification and component composition, and defines the basis for choosing the type of WSEM for trade objects, the analysis of the fire safety system of the "Fix Price" store is carried out. |
| Sprog: | russisk |
| Udgivet: |
2021
|
| Serier: | Экология, безопасность и охрана труда на предприятии |
| Fag: | |
| Online adgang: | http://earchive.tpu.ru/handle/11683/65249 |
| Format: | MixedMaterials Electronisk Book Chapter |
| KOHA link: | https://koha.lib.tpu.ru/cgi-bin/koha/opac-detail.pl?biblionumber=632737 |
MARC
| LEADER | 00000naa2a2200000 4500 | ||
|---|---|---|---|
| 001 | 632737 | ||
| 005 | 20231220113205.0 | ||
| 035 | |a (RuTPU)RU\TPU\conf\34459 | ||
| 035 | |a RU\TPU\conf\34458 | ||
| 090 | |a 632737 | ||
| 100 | |a 20210423d2021 k y0rusy50 ca | ||
| 101 | 0 | |a rus | |
| 102 | |a RU | ||
| 105 | |a y z 101zy | ||
| 135 | |a drcn ---uucaa | ||
| 181 | 0 | |a i | |
| 182 | 0 | |a b | |
| 200 | 1 | |a Системы оповещения и управления эвакуацией на объектах торговли |f К. Р. Кохидзе |g науч. рук. Л. Г. Деменкова | |
| 203 | |a Текст |c электронный | ||
| 225 | 1 | |a Экология, безопасность и охрана труда на предприятии | |
| 300 | |a Заглавие с экрана | ||
| 320 | |a [Библиогр.: с. 56 (3 назв.)] | ||
| 330 | |a В статье изложена нормативная база проектирования СОУЭ, их классификация и компонентный состав, определены основы выбора типа СОУЭ для объектов торговли, проведён анализ системы пожарной безопасности магазина "Fix Price". | ||
| 330 | |a The article describes the regulatory framework for the design of WSEМ, their classification and component composition, and defines the basis for choosing the type of WSEM for trade objects, the analysis of the fire safety system of the "Fix Price" store is carried out. | ||
| 463 | 0 | |0 (RuTPU)RU\TPU\conf\34439 |t Прогрессивные технологии и экономика в машиностроении |o сборник трудов XII Всероссийской научно-практической конференции для студентов и учащейся молодежи, 8-10 апреля 2021 г., Юрга |f Национальный исследовательский Томский политехнический университет (ТПУ), Юргинский технологический институт (ЮТИ) ; под ред. С. А. Солодского |v [С. 54-56] |d 2021 | |
| 610 | 1 | |a электронный ресурс | |
| 610 | 1 | |a труды учёных ТПУ | |
| 610 | 1 | |a системы оповещения | |
| 610 | 1 | |a управление | |
| 610 | 1 | |a эвакуация | |
| 610 | 1 | |a объекты | |
| 610 | 1 | |a магазины | |
| 610 | 1 | |a безопасность | |
| 610 | 1 | |a warning system | |
| 610 | 1 | |a evacuation management | |
| 610 | 1 | |a types of WSEМ | |
| 610 | 1 | |a components of WSEМ | |
| 610 | 1 | |a object of trade | |
| 700 | 1 | |a Кохидзе |b К. Р. | |
| 702 | 1 | |a Деменкова |b Л. Г. |c специалист в области естествознания |c старший преподаватель Юргинского технологического института (филиала) Томского политехнического университета |f 1964- |g Лариса Геннадьевна |4 727 | |
| 712 | 0 | 2 | |a Национальный исследовательский Томский политехнический университет |b Юргинский технологический институт |c (2009- ) |3 (RuTPU)RU\TPU\col\15903 |
| 801 | 2 | |a RU |b 63413507 |c 20210512 |g RCR | |
| 856 | 4 | |u http://earchive.tpu.ru/handle/11683/65249 | |
| 942 | |c BK | ||